Biblioteca

Cristianos buenos en un mundo malo (Registro nro. 51687)

Detalles MARC
000 -LÍDER
Campo fijo de descripción fija 01166aab a2200205 i 4500
001 - NÚMERO DE CONTROL
Campo de control 768714001
003 - IDENTIFICADOR DEL NÚMERO DE CONTROL
Campo de control CO-MdFUSB
005 - FECHA Y HORA DE LA ULTIMA TRANSACCIÓN
control field 20240422091033.0
008 - ELEMENTOS DE LONGITUD FIJA -- INFORMACIÓN GENERAL
Campo fijo de descripción fija -- Información general 240418t1987 ag ||||| |||| 00| 0 spa d
040 ## - FUENTE DE CATALOGACIÓN
Idioma de catalogación spa
Agencia que realiza la transcripción CO-MdFUSB
041 ## - CÓDIGO DE IDIOMA
Código de idioma para texto/pista de sonido o título separado spa
100 1# - ASIENTO PRINCIPAL--NOMBRE PERSONAL
Nombre personal Deiros, Pablo A. (Alberto) (1945-)
Término relacionador autor
245 ## - TÍTULO
Título Cristianos buenos en un mundo malo
Mención de responsabilidad / Pablo A. Deiros
300 ## - DESCRIPCIÓN FÍSICA
Extensión Volumen 6, número 1, (marzo, 1987), páginas: 21 - 23
Dimensiones ; 27 cm
520 ## - NOTA DE RESUMEN, ETC.
Nota de sumario, etc. ¿Cómo vivir la fe cristiana en un mundo adverso o indiferente a ella? ¿De qué manera el señorío de Cristo puede encontrar una respuesta obediente de parte de personas que sufren las tensiones de vivir en un mundo malo? ¿Es posible ser fiel a Jesucristo y seguir en contacto con la realidad pecaminosa que nos circunda? Estas son preguntas que han atormentado las mentes y los corazones de muchos, especialmente en tiempos de crisis y conflictos graves.
650 #7 - ASIENTO SECUNDARIO DE MATERIA - TERMINO TEMÁTICO
Término temático o nombre geográfico como elemento de entrada Historia
Subdivisión general Aspectos religiosos
-- Cristianismo
9 (RLIN) 7036
650 #7 - ASIENTO SECUNDARIO DE MATERIA - TERMINO TEMÁTICO
Término temático o nombre geográfico como elemento de entrada Cristianismo y cultura
9 (RLIN) 6959
773 0# - ASIENTO DE ITEM FUENTE
Título Iglesia y Misión
Biblionumber 49402
Itemnumber 59679
Parte(s) relacionada(s) / Volumen., número. (mes año), páginas Volumen 6, número 1, (marzo, 1987), páginas: 21 - 23
Enumeración y primera página página: 21
942 ## - TIPO DE MATERIAL (KOHA)
Tipo de Item KOHA Artículos de Revista

No hay ítems disponibles.

Biblioteca FUSBC | Teléfono: (57+4) 349 88 10 Ext. 141| WhatsApp (+57) 3005338115 
E-mail: biblioteca@unisbc.edu.co | Calle 76 87-14 Robledo Palenque, Medellín, Colombia

Con tecnología Koha